[Event "24. Torneo San Viator"]
[Site "Madrid ESP"]
[Date "2015.04.12"]
[Round "3.33"]
[White "Ramirez De La Piscina G, Juan"]
[Black "Jimenez Perez, Federico"]
[Result "1-0"]
[WhiteElo "1685"]
[BlackElo "1345"]
[PlyCount "141"]
[EventDate "2015.03.22"]
[EventType "swiss"]
[EventRounds "9"]
[EventCountry "ESP"]
[Source "lmi"]
[SourceDate "2015.03.22"]

1. e4 c5 2. Nf3 g6 3. c3 Nc6 4. d4 cxd4 5. cxd4 d6 6. h3 Bg7 7. Nc3 Nf6 8. Bb5
O-O 9. O-O d5 10. e5 Ne4 11. Qb3 Be6 12. Re1 Na5 13. Qb4 a6 14. Bd3 Nxc3 15.
bxc3 b5 16. Ng5 Nc6 17. Qb1 b4 18. Bd2 bxc3 19. Bxc3 Rb8 20. Qc2 Rc8 21. Qa4 a5
22. Bb5 Nb4 23. Bxb4 axb4 24. Qxb4 Rb8 25. a4 Bd7 26. Rab1 e6 27. f4 h6 28. Nf3
Rb6 29. Qc5 Qb8 30. Nd2 Rc8 31. Qb4 Bf8 32. Qa5 Bxb5 33. Rxb5 Rxb5 34. axb5 Qa8
35. Qxa8 Rxa8 36. Rb1 Rb8 37. Rb3 Be7 38. Nb1 Bd8 39. Nc3 Bb6 40. Ne2 Ra8 41.
Kf2 Ra2 42. Ke3 Kg7 43. g4 f6 44. Kd3 Ra1 45. f5 gxf5 46. gxf5 Kf7 47. fxe6+
Kxe6 48. Nf4+ Kf7 49. e6+ Ke7 50. Nxd5+ Kxe6 51. Nxb6 Rh1 52. Kc4 Rc1+ 53. Rc3
Rxc3+ 54. Kxc3 f5 55. Kc4 f4 56. Nd5 f3 57. b6 Kd7 58. Kc5 Kc8 59. Kc6 f2 60.
Ne3 h5 61. d5 Kb8 62. Kd7 Kb7 63. Ke7 Kxb6 64. d6 Kc5 65. d7 Kd4 66. Nf1 Kd3
67. d8=Q+ Ke2 68. Nh2 h4 69. Qd4 f1=Q 70. Nxf1 Kxf1 71. Qd2 1-0

[Event "24. Torneo San Viator"]
[Site "Madrid ESP"]
[Date "2015.04.12"]
[Round "3.34"]
[White "Garcia Rojas, Juan Carlos"]
[Black "Villaverde Casaluenga, Jose"]
[Result "0-1"]
[WhiteElo "1528"]
[BlackElo "1663"]
[PlyCount "76"]
[EventDate "2015.03.22"]
[EventType "swiss"]
[EventRounds "9"]
[EventCountry "ESP"]
[Source "lmi"]
[SourceDate "2015.03.22"]

1. e4 d6 2. d4 Nf6 3. Nc3 g6 4. Nf3 Bg7 5. Bd3 O-O 6. O-O c5 7. d5 e6 8. Rb1
exd5 9. Nxd5 Nxd5 10. exd5 Nd7 11. c4 Ne5 12. Nxe5 Bxe5 13. b3 Qh4 14. g3 Qf6
15. Be3 Bh3 16. Re1 Bc3 17. Bd2 Bxd2 18. Qxd2 Rfe8 19. Qh6 Bg4 20. Be4 Re5 21.
Rbc1 Rae8 22. h3 Bf3 23. Bxf3 Rxe1+ 24. Kg2 Rxc1 25. Qxc1 Re5 26. a4 a5 27. Qd2
b6 28. Qd3 Qe7 29. h4 h5 30. Qd2 Re1 31. Qf4 Qe5 32. Qg5 Qxg5 33. hxg5 Rb1 34.
Be2 Rxb3 35. f4 Rb4 36. Bd1 Rxc4 37. Kf2 Rd4 38. Bb3 c4 0-1

[Event "24. Torneo San Viator"]
[Site "Madrid ESP"]
[Date "2015.04.12"]
[Round "3.35"]
[White "Sierra Bermejo, Gregorio"]
[Black "Diaz Del Prado, Carlos"]
[Result "1-0"]
[WhiteElo "1605"]
[BlackElo "1274"]
[PlyCount "73"]
[EventDate "2015.03.22"]
[EventType "swiss"]
[EventRounds "9"]
[EventCountry "ESP"]
[Source "lmi"]
[SourceDate "2015.03.22"]

1. e4 g6 2. d4 Bg7 3. f4 d6 4. Nf3 Bg4 5. Be2 Nd7 6. Be3 c5 7. c3 Ngf6 8. Nbd2
O-O 9. Qc2 a6 10. h3 Bxf3 11. Bxf3 Rb8 12. e5 cxd4 13. Bxd4 dxe5 14. fxe5 Ne8
15. Qe4 Qc7 16. O-O-O Nxe5 17. Rhe1 Nxf3 18. Nxf3 e6 19. Bxg7 Nxg7 20. Qh4 Nf5
21. Qf6 Rbd8 22. Ne5 Rxd1+ 23. Rxd1 Nd6 24. Ng4 Nf5 25. Ne5 Nd6 26. Rd4 Qd8 27.
Qxd8 Rxd8 28. Nc4 Nxc4 29. Rxd8+ Kg7 30. b3 Ne3 31. g3 Nd5 32. Kd2 Kf6 33. c4
Nb4 34. a3 Nc6 35. Rd7 b6 36. Rd6 Na5 37. Rxb6 1-0

[Event "24. Torneo San Viator"]
[Site "Madrid ESP"]
[Date "2015.04.12"]
[Round "3.36"]
[White "Cortijo Manso, Luis"]
[Black "Castro Uceda, Jose Antonio"]
[Result "1-0"]
[WhiteElo "1523"]
[BlackElo "1604"]
[PlyCount "111"]
[EventDate "2015.03.22"]
[EventType "swiss"]
[EventRounds "9"]
[EventCountry "ESP"]
[Source "lmi"]
[SourceDate "2015.03.22"]

1. Nf3 Nf6 2. c4 e6 3. g3 b6 4. Bg2 Bb7 5. O-O d6 6. d4 Be7 7. Nc3 O-O 8. Qc2
Nbd7 9. e4 e5 10. d5 Nc5 11. Nd2 Bc8 12. b4 Na6 13. a3 Bg4 14. Re1 Qd7 15. Qa4
Qc8 16. Nf1 Nb8 17. Ne3 Bh3 18. Bh1 c6 19. Qc2 g6 20. Bb2 c5 21. b5 Ng4 22. Bc1
Nxe3 23. Bxe3 f5 24. f4 Nd7 25. Bg2 Bg4 26. Rf1 Rf7 27. h3 Bh5 28. Bf3 fxe4 29.
Bxh5 gxh5 30. Qxe4 Nf6 31. Qg2 h4 32. Rf3 Nh5 33. Ne4 exf4 34. Bxf4 Qf5 35. Re1
Rg7 36. Bh6 Qg6 37. Bxg7 Qxg7 38. gxh4 Qxg2+ 39. Kxg2 a6 40. bxa6 Rxa6 41. Ng5
Bxg5 42. hxg5 Ra4 43. Re4 b5 44. Re8+ Kg7 45. cxb5 Nf4+ 46. Kg3 Nxd5 47. Rd8
Nb6 48. Rxd6 Nc4 49. Ra6 Rxa6 50. bxa6 Nb6 51. h4 c4 52. Rc3 Kg6 53. a7 Na8 54.
Rxc4 Kf5 55. Rf4+ Ke5 56. Rf8 1-0

[Event "24. Torneo San Viator"]
[Site "Madrid ESP"]
[Date "2015.04.12"]
[Round "3.37"]
[White "Dominguez Afonso, Ayraldo"]
[Black "Olias Ruiz, Enrique"]
[Result "1-0"]
[WhiteElo "1604"]
[BlackElo "1207"]
[PlyCount "89"]
[EventDate "2015.03.22"]
[EventType "swiss"]
[EventRounds "9"]
[EventCountry "ESP"]
[Source "lmi"]
[SourceDate "2015.03.22"]

1. e4 e5 2. Nf3 Nc6 3. Bb5 d6 4. c3 a6 5. Ba4 b5 6. Bb3 g6 7. O-O Bg7 8. h3 Bb7
9. d4 h6 10. Be3 Qf6 11. Re1 Nge7 12. a4 b4 13. a5 O-O 14. Nbd2 Rad8 15. Qe2
Kh7 16. d5 bxc3 17. bxc3 Nb8 18. Rab1 Nd7 19. Bc4 Bc8 20. Bxa6 Bxa6 21. Qxa6
Nc5 22. Bxc5 dxc5 23. Qb5 Qd6 24. Nc4 c6 25. Nxd6 cxb5 26. Nxb5 Ra8 27. Ra1
Rfb8 28. c4 Ra6 29. Red1 Rb7 30. Nd2 Ng8 31. Nb3 Bf8 32. d6 Nf6 33. Nxc5 Rxb5
34. cxb5 Rxd6 35. Rxd6 Bxd6 36. Rc1 Bc7 37. b6 Bb8 38. a6 Ne8 39. a7 Bxa7 40.
bxa7 Nc7 41. Nd7 Na8 42. Nxe5 f6 43. Nd7 Kg7 44. Rc8 f5 45. Rxa8 1-0

[Event "24. Torneo San Viator"]
[Site "Madrid ESP"]
[Date "2015.04.12"]
[Round "3.38"]
[White "Insua Rodriguez, Antonio"]
[Black "Mateos Cordero, Francisco"]
[Result "0-1"]
[WhiteElo "1415"]
[BlackElo "1596"]
[PlyCount "46"]
[EventDate "2015.03.22"]
[EventType "swiss"]
[EventRounds "9"]
[EventCountry "ESP"]
[Source "lmi"]
[SourceDate "2015.03.22"]

1. Nc3 Nf6 2. d4 d5 3. Bg5 e6 4. e4 dxe4 5. Nxe4 Be7 6. Nxf6+ Bxf6 7. Bxf6 Qxf6
8. Nf3 O-O 9. Qd3 Rd8 10. Ne5 c5 11. O-O-O Rxd4 12. Qg3 Rxd1+ 13. Kxd1 Nd7 14.
f4 Nb6 15. c4 Bd7 16. Bd3 Rd8 17. Rf1 Be8 18. Qh3 h6 19. g4 g5 20. Qe3 Rd4 21.
f5 Nd7 22. fxe6 Qxf1+ 23. Kd2 Nxe5 0-1

[Event "24. Torneo San Viator"]
[Site "Madrid ESP"]
[Date "2015.04.12"]
[Round "3.40"]
[White "Quesada Perez, Jose"]
[Black "Vega De Las Heras, Carlos"]
[Result "0-1"]
[WhiteElo "1464"]
[BlackElo "1566"]
[PlyCount "60"]
[EventDate "2015.03.22"]
[EventType "swiss"]
[EventRounds "9"]
[EventCountry "ESP"]
[Source "lmi"]
[SourceDate "2015.03.22"]

1. e4 c6 2. d4 d5 3. Nc3 dxe4 4. Nxe4 Bf5 5. Ng3 Bg6 6. Bc4 e6 7. Nf3 h6 8. Ne5
Bh7 9. Be3 Nf6 10. Qf3 Nbd7 11. O-O-O Bd6 12. Nh5 Rg8 13. g4 Be4 14. Nxf6+ Nxf6
15. Qh3 Bxh1 16. Rxh1 Qc7 17. f4 O-O-O 18. g5 hxg5 19. Nxf7 g4 20. Bxe6+ Kb8
21. Qf1 Rde8 22. f5 Rxe6 23. fxe6 Nd5 24. Bf2 Bxh2 25. Qg2 Qf4+ 26. Kb1 g3 27.
Bg1 Ne3 28. Qe2 g2 29. Rxh2 Qf1+ 30. Qxf1 gxf1=Q# 0-1

[Event "24. Torneo San Viator"]
[Site "Madrid ESP"]
[Date "2015.04.12"]
[Round "3.42"]
[White "Cujba, Anca-Claudia"]
[Black "Gonzalez Hilla, Antonio"]
[Result "1-0"]
[WhiteElo "1787"]
[BlackElo "1541"]
[PlyCount "75"]
[EventDate "2015.03.22"]
[EventType "swiss"]
[EventRounds "9"]
[EventCountry "ESP"]
[Source "lmi"]
[SourceDate "2015.03.22"]

1. e4 c5 2. c3 d5 3. exd5 Qxd5 4. d4 Nc6 5. Nf3 Bg4 6. Be2 O-O-O 7. O-O Nf6 8.
Qa4 Kb8 9. Bf4+ Ka8 10. Na3 cxd4 11. Nb5 Ne8 12. cxd4 a6 13. Nc3 Qa5 14. Qxa5
Nxa5 15. h3 Bxf3 16. Bxf3 e6 17. Rfd1 Nd6 18. Rac1 Nac4 19. b3 Nb6 20. a4 Rc8
21. a5 Nd7 22. Ne4 Rxc1 23. Rxc1 Nb5 24. Rc8+ Ka7 25. Be3 b6 26. Nc3 Nb8 27.
Nxb5+ axb5 28. axb6+ Kxb6 29. Rxb8+ Kc7 30. Rxb5 Ba3 31. Rb7+ Kd6 32. Bf4+ e5
33. dxe5+ Ke6 34. Bg4+ Kd5 35. Rxf7 g6 36. e6 h5 37. Be2 Kxe6 38. Bc4# 1-0

[Event "24. Torneo San Viator"]
[Site "Madrid ESP"]
[Date "2015.04.12"]
[Round "3.46"]
[White "Vicioso Barbadillo, Juan J"]
[Black "Porris Rebollar, Ivan"]
[Result "0-1"]
[WhiteElo "1169"]
[BlackElo "1506"]
[PlyCount "88"]
[EventDate "2015.03.22"]
[EventType "swiss"]
[EventRounds "9"]
[EventCountry "ESP"]
[Source "lmi"]
[SourceDate "2015.03.22"]

1. e4 e6 2. Nf3 d5 3. exd5 exd5 4. Qe2+ Be7 5. g3 Nf6 6. Bg2 O-O 7. O-O Re8 8.
d4 b6 9. Qd3 Ba6 10. Qd1 Bxf1 11. Qxf1 c5 12. c3 Nc6 13. Be3 Ng4 14. Nbd2 Nxe3
15. fxe3 Bg5 16. Nxg5 Qxg5 17. Qf4 Qxf4 18. exf4 Rad8 19. dxc5 bxc5 20. Nb3 c4
21. Nc5 Na5 22. Na6 Re2 23. Rb1 d4 24. Bf3 Re3 25. Kg2 d3 26. Kf2 Rde8 27. Nc7
Re2+ 28. Bxe2 Rxe2+ 29. Kg1 d2 30. Rd1 Re1+ 31. Kf2 Rxd1 32. Ke2 Rh1 33. Kxd2
Rxh2+ 34. Kc1 Rg2 35. Nd5 Rxg3 36. f5 h5 37. Ne7+ Kf8 38. Nd5 h4 39. Nf4 Rf3
40. Ng2 h3 41. Ne1 Rf1 42. Kd2 h2 43. Ke2 h1=Q 44. Nf3 Qxf3+ 0-1

[Event "24. Torneo San Viator"]
[Site "Madrid ESP"]
[Date "2015.04.19"]
[Round "4.1"]
[White "Elissalt Cardenas, Hector"]
[Black "Unciti Juan, Javier"]
[Result "1-0"]
[WhiteElo "2337"]
[BlackElo "2096"]
[PlyCount "63"]
[EventDate "2015.03.22"]
[EventType "swiss"]
[EventRounds "9"]
[EventCountry "ESP"]
[Source "lmi"]
[SourceDate "2015.03.22"]

1. Nf3 d5 2. b3 Nf6 3. Bb2 g6 4. g3 Bg7 5. Bg2 O-O 6. c4 c6 7. O-O Nbd7 8. d3
Re8 9. Qc2 e5 10. e4 d4 11. Nbd2 c5 12. a3 Nh5 13. b4 f5 14. exf5 gxf5 15. Nh4
Ndf6 16. bxc5 Qc7 17. Bh3 f4 18. Bxc8 Qxc8 19. Qd1 Qh3 20. Qf3 Kh8 21. Ne4 Nxe4
22. Qxh5 Qe6 23. dxe4 Qxc4 24. Nf5 Bf6 25. Nd6 Qg8 26. Nxe8 Rxe8 27. Kh1 Bg5
28. gxf4 Bxf4 29. Rg1 Qf8 30. Rg4 Re6 31. Rag1 Bxh2 32. Rg8+ 1-0

[Event "24. Torneo San Viator"]
[Site "Madrid ESP"]
[Date "2015.04.19"]
[Round "4.2"]
[White "Cervino Rossel, Cristobal"]
[Black "Lizon Martinez, Santiago"]
[Result "1-0"]
[WhiteElo "2102"]
[BlackElo "1628"]
[PlyCount "97"]
[EventDate "2015.03.22"]
[EventType "swiss"]
[EventRounds "9"]
[EventCountry "ESP"]
[Source "lmi"]
[SourceDate "2015.03.22"]

1. d4 Nf6 2. Nf3 e6 3. g3 b6 4. Bg2 Bb7 5. O-O Be7 6. c4 c5 7. d5 exd5 8. Nh4
d6 9. cxd5 O-O 10. Nc3 Re8 11. e4 Bf8 12. a4 Na6 13. Re1 Nb4 14. Bf1 Nfxd5 15.
Nxd5 Bxd5 16. exd5 Rxe1 17. Qxe1 Nc2 18. Qd1 Nxa1 19. Be3 g6 20. Qxa1 Bg7 21.
Qb1 Qd7 22. b3 Qg4 23. Qd3 Re8 24. h3 Qb4 25. Qb5 Qe4 26. Qd3 Qb4 27. Nf3 Bh8
28. Qb5 Qe4 29. Bd3 Qe7 30. Bg5 f6 31. Bf4 Rd8 32. Qc6 Bg7 33. Kg2 Bf8 34. h4
Qd7 35. Qxd7 Rxd7 36. Bb5 Rd8 37. Nd2 h6 38. h5 g5 39. Be3 Kg7 40. Bd3 Re8 41.
Nc4 Rd8 42. Bf5 Rb8 43. Na3 Rb7 44. Kf3 Kf7 45. Bd3 Kg7 46. Bd2 Re7 47. Bc3 Kf7
48. Nc4 Rd7 49. Ne3 1-0

[Event "24. Torneo San Viator"]
[Site "Madrid ESP"]
[Date "2015.04.19"]
[Round "4.3"]
[White "Andalon Gomez, Carlos J"]
[Black "Blasco Gallardo, Francisco"]
[Result "1-0"]
[WhiteElo "2022"]
[BlackElo "1618"]
[PlyCount "35"]
[EventDate "2015.03.22"]
[EventType "swiss"]
[EventRounds "9"]
[EventCountry "ESP"]
[Source "lmi"]
[SourceDate "2015.03.22"]

1. d4 g6 2. c4 Bg7 3. Nc3 d6 4. e4 Nd7 5. f4 e6 6. Nf3 b6 7. Bd3 Ne7 8. O-O Bb7
9. Be3 O-O 10. Qe2 Nc6 11. d5 Nb4 12. Bb1 c5 13. a3 Na6 14. dxe6 fxe6 15. Ng5
Qe7 16. Qg4 Nc7 17. e5 dxe5 18. Nxh7 1-0

[Event "24. Torneo San Viator"]
[Site "Madrid ESP"]
[Date "2015.04.19"]
[Round "4.4"]
[White "Vega De Alba, Miguel"]
[Black "Julian Serra, Rogelio"]
[Result "0-1"]
[WhiteElo "1670"]
[BlackElo "1984"]
[PlyCount "116"]
[EventDate "2015.03.22"]
[EventType "swiss"]
[EventRounds "9"]
[EventCountry "ESP"]
[Source "lmi"]
[SourceDate "2015.03.22"]

1. d4 g6 2. c4 Bg7 3. Nc3 d6 4. Nf3 Nc6 5. d5 Ne5 6. Nxe5 Bxe5 7. e4 Bg7 8. Bd3
e5 9. O-O Nf6 10. Bd2 O-O 11. b4 Nh5 12. Ne2 Nf4 13. Nxf4 exf4 14. Rc1 Be5 15.
Bc3 Re8 16. Bxe5 Rxe5 17. g3 Qg5 18. Qf3 Bh3 19. Rfe1 fxg3 20. Qxg3 Rae8 21. f4
Qxg3+ 22. hxg3 R5e7 23. Re3 f5 24. Rce1 fxe4 25. Rxe4 Rxe4 26. Rxe4 Rxe4 27.
Bxe4 Kf7 28. Kf2 b6 29. Ke3 Kf6 30. Kd4 Bf5 31. Bg2 g5 32. c5 gxf4 33. gxf4 Bb1
34. cxb6 cxb6 35. a4 Kf5 36. Ke3 a5 37. bxa5 bxa5 38. Bh3+ Kf6 39. Bd7 h5 40.
Kf3 Bf5 41. Be8 h4 42. Bb5 Bc8 43. Bc4 h3 44. Kg3 Bf5 45. Bb3 Kg6 46. Bd1 Be4
47. Bb3 Kf5 48. Bc4 h2 49. Kxh2 Kxf4 50. Kg1 Ke3 51. Kf1 Bd3+ 52. Bxd3 Kxd3 53.
Ke1 Kc4 54. Kd2 Kxd5 55. Kd3 Kc5 56. Kc3 d5 57. Kd3 Kb4 58. Kd4 Kxa4 0-1

[Event "24. Torneo San Viator"]
[Site "Madrid ESP"]
[Date "2015.04.19"]
[Round "4.5"]
[White "De Paredes Aguado, Alejandro"]
[Black "Garcia Galeote, Lorenzo"]
[Result "0-1"]
[WhiteElo "1506"]
[BlackElo "1961"]
[PlyCount "76"]
[EventDate "2015.03.22"]
[EventType "swiss"]
[EventRounds "9"]
[EventCountry "ESP"]
[Source "lmi"]
[SourceDate "2015.03.22"]

1. Nf3 g6 2. g3 Bg7 3. Bg2 d6 4. O-O c5 5. d3 Nc6 6. c4 Nh6 7. Nc3 O-O 8. Bd2
Nf5 9. a3 h6 10. Rb1 Nfd4 11. Qc1 Kh7 12. b4 Rb8 13. b5 Nxf3+ 14. Bxf3 Nd4 15.
Bg2 Bg4 16. f3 Bf5 17. Qd1 h5 18. e4 Be6 19. Nd5 Bxd5 20. exd5 a6 21. a4 axb5
22. axb5 Ra8 23. Bg5 Ra2 24. Rf2 Ra3 25. h3 Qd7 26. Qe1 Qf5 27. Qxe7 Qxd3 28.
Qe4 Qxc4 29. g4 Qa4 30. gxh5 Nf5 31. Qxa4 Rxa4 32. hxg6+ fxg6 33. b6 Bd4 34. f4
Ra2 35. Rb3 Bxf2+ 36. Kh2 Re8 37. Bf3 Bg3+ 38. Kg1 Re1# 0-1

[Event "24. Torneo San Viator"]
[Site "Madrid ESP"]
[Date "2015.04.19"]
[Round "4.8"]
[White "Villaverde Casaluenga, Jose"]
[Black "Iturbide Arnedo, Oscar"]
[Result "0-1"]
[WhiteElo "1663"]
[BlackElo "2113"]
[PlyCount "136"]
[EventDate "2015.03.22"]
[EventType "swiss"]
[EventRounds "9"]
[EventCountry "ESP"]
[Source "lmi"]
[SourceDate "2015.03.22"]

1. b3 e5 2. Bb2 d6 3. e3 Nd7 4. d4 g6 5. dxe5 dxe5 6. Nf3 Bg7 7. Bc4 Nh6 8. O-O
O-O 9. e4 Re8 10. Nc3 c6 11. a4 a5 12. Qd2 Nb6 13. Qxd8 Rxd8 14. Bd3 f6 15.
Rad1 Be6 16. Ne2 Nf7 17. Ng3 Bh6 18. Ba3 Bf8 19. Bc1 Nd7 20. Nd2 Nc5 21. Bc4
Bh6 22. Bxe6 Nxe6 23. Ne2 Nd6 24. f3 Be3+ 25. Kh1 Kf7 26. Nb1 Bxc1 27. Rxc1 Rd7
28. Rcd1 Rad8 29. Rd2 Nc5 30. Rfd1 Ke6 31. Nec3 Na6 32. Na2 Nc5 33. Nbc3 f5 34.
exf5+ Nxf5 35. Rxd7 Rxd7 36. Rxd7 Kxd7 37. Nd1 b5 38. axb5 cxb5 39. Nac3 Kc6
40. Kg1 Nd4 41. Ne3 Na6 42. Kf1 Nb4 43. Ng4 Nbxc2 44. Nxe5+ Kd6 45. Nxb5+ Kxe5
46. Nc3 Nxb3 47. Ke2 Kd4 48. Nb1 a4 49. g3 a3 50. Nxa3 Nxa3 51. h4 Nb5 52. g4
Nc5 53. f4 Ke4 54. f5 gxf5 55. gxf5 Kxf5 56. Kf3 h5 57. Kg3 Ke4 58. Kh3 Kf3 59.
Kh2 Kg4 60. Kg2 Ne4 61. Kh2 Kxh4 62. Kg2 Nd4 63. Kh2 Kg4 64. Kg2 h4 65. Kh2 h3
66. Kg1 Kg3 67. Kh1 Nf2+ 68. Kg1 h2+ 0-1

[Event "24. Torneo San Viator"]
[Site "Madrid ESP"]
[Date "2015.04.19"]
[Round "4.9"]
[White "Aguado Solana, Juan"]
[Black "Sierra Bermejo, Gregorio"]
[Result "1-0"]
[WhiteElo "2090"]
[BlackElo "1605"]
[PlyCount "29"]
[EventDate "2015.03.22"]
[EventType "swiss"]
[EventRounds "9"]
[EventCountry "ESP"]
[Source "lmi"]
[SourceDate "2015.03.22"]

1. d4 f5 2. Nf3 Nf6 3. Bg5 d6 4. Bxf6 exf6 5. e3 Be6 6. c4 Nd7 7. Bd3 g6 8. Qc2
Bg7 9. h4 Kf7 10. d5 Bxd5 11. cxd5 Nc5 12. Nc3 c6 13. Bc4 b5 14. Bb3 b4 15.
dxc6+ 1-0

[Event "24. Torneo San Viator"]
[Site "Madrid ESP"]
[Date "2015.04.19"]
[Round "4.10"]
[White "Mateos Cordero, Francisco"]
[Black "Cabanas Bravo, Juan Andres"]
[Result "0-1"]
[WhiteElo "1596"]
[BlackElo "2054"]
[PlyCount "82"]
[EventDate "2015.03.22"]
[EventType "swiss"]
[EventRounds "9"]
[EventCountry "ESP"]
[Source "lmi"]
[SourceDate "2015.03.22"]

1. d4 Nf6 2. c4 e5 3. dxe5 Ng4 4. Nf3 Bc5 5. e3 Nc6 6. Nc3 O-O 7. Be2 Re8 8.
O-O Ngxe5 9. Nxe5 Nxe5 10. f4 Nc6 11. Bd3 d6 12. Qh5 g6 13. Qh6 Bxe3+ 14. Bxe3
Rxe3 15. Bxg6 fxg6 16. f5 Re7 17. fxg6 hxg6 18. Nd5 Re6 19. Rf7 Kxf7 20. Qh7+
Ke8 21. Rf1 Qe7 22. Nxe7 Nxe7 23. c5 d5 24. Rf7 a5 25. Qg7 Raa6 26. Rf8+ Kd7
27. Qh8 Re1+ 28. Kf2 Rae6 29. h3 c6 30. Rd8+ Kc7 31. Kg3 Nf5+ 32. Kh2 Bd7 33.
Ra8 Re8 34. Rxe8 Rxe8 35. Qc3 d4 36. Qxa5+ Kb8 37. Qd2 Re3 38. g4 Nh4 39. Qf2
Nf3+ 40. Kg2 Be6 41. a3 Bd5 0-1

[Event "24. Torneo San Viator"]
[Site "Madrid ESP"]
[Date "2015.04.19"]
[Round "4.11"]
[White "Valdes Sanchez, Jesus Manuel"]
[Black "Lozano Freras, Sergio"]
[Result "0-1"]
[WhiteElo "1588"]
[BlackElo "1992"]
[PlyCount "74"]
[EventDate "2015.03.22"]
[EventType "swiss"]
[EventRounds "9"]
[EventCountry "ESP"]
[Source "lmi"]
[SourceDate "2015.03.22"]

1. e4 d5 2. exd5 Qxd5 3. d4 Nf6 4. c4 Qd8 5. Nc3 Bf5 6. Be2 e6 7. a3 c6 8. Bf3
Bd6 9. Nge2 Nbd7 10. O-O O-O 11. Re1 Qb8 12. g3 e5 13. dxe5 Nxe5 14. Bg2 Rd8
15. Nd4 Bc5 16. Nce2 Nd3 17. Be3 Nxe1 18. Qxe1 Bd3 19. Nxc6 bxc6 20. Bxc5 Bxe2
21. Qxe2 Qc7 22. b4 Re8 23. Qc2 a5 24. b5 Qe5 25. Bd4 Qxd4 26. Rd1 Qc5 27. Bxc6
Rad8 28. Bxe8 Rxe8 29. Qd3 h6 30. h3 Ne4 31. Qe2 Re6 32. Rd8+ Kh7 33. Qc2 g6
34. Qb2 Rf6 35. Rd2 Nxd2 36. Qxf6 Qxc4 37. Qxf7+ Qxf7 0-1

[Event "24. Torneo San Viator"]
[Site "Madrid ESP"]
[Date "2015.04.19"]
[Round "4.12"]
[White "Navarro Moreno, Juan Carlos"]
[Black "Dominguez Afonso, Ayraldo"]
[Result "1-0"]
[WhiteElo "1970"]
[BlackElo "1604"]
[PlyCount "37"]
[EventDate "2015.03.22"]
[EventType "swiss"]
[EventRounds "9"]
[EventCountry "ESP"]
[Source "lmi"]
[SourceDate "2015.03.22"]

1. Nf3 d5 2. d4 Nf6 3. Bf4 e6 4. e3 Bd6 5. Bg3 O-O 6. Bd3 b6 7. Nbd2 Bb7 8. Ne5
c5 9. c4 Nc6 10. Rc1 Rc8 11. O-O Ne7 12. h3 Ng6 13. Ndf3 Qc7 14. Nxg6 fxg6 15.
Ne5 Nd7 16. Qg4 Nf6 17. Qxe6+ Kh8 18. Nxg6+ hxg6 19. Bxd6 1-0

[Event "24. Torneo San Viator"]
[Site "Madrid ESP"]
[Date "2015.04.19"]
[Round "4.13"]
[White "Mazo Fernandez, Roberto"]
[Black "Mosteiro Montoro, Alvaro"]
[Result "1-0"]
[WhiteElo "1966"]
[BlackElo "1591"]
[PlyCount "64"]
[EventDate "2015.03.22"]
[EventType "swiss"]
[EventRounds "9"]
[EventCountry "ESP"]
[Source "lmi"]
[SourceDate "2015.03.22"]

1. e4 c5 2. c3 g6 3. d4 cxd4 4. cxd4 Bg7 5. Nc3 d6 6. Be3 Nf6 7. Bb5+ Bd7 8.
Bxd7+ Qxd7 9. h3 a6 10. f4 O-O 11. Nf3 e6 12. O-O Nh5 13. Kh2 Nf6 14. Qb3 b5
15. e5 Ne8 16. a4 bxa4 17. Nxa4 Qb5 18. Qxb5 axb5 19. Nc3 Rxa1 20. Rxa1 b4 21.
Nb5 dxe5 22. dxe5 f5 23. Ng5 Nc6 24. Nxe6 Nxe5 25. Nxg7 Nxg7 26. fxe5 f4 27.
Bc5 Rc8 28. Bxb4 Nf5 29. Nd6 Rb8 30. Bc3 Ne3 31. Ra7 g5 32. e6 h5 1-0

[Event "24. Torneo San Viator"]
[Site "Madrid ESP"]
[Date "2015.04.19"]
[Round "4.14"]
[White "Gueler Berdasco, Martin"]
[Black "Cortijo Manso, Luis"]
[Result "1-0"]
[WhiteElo "1917"]
[BlackElo "1523"]
[PlyCount "59"]
[EventDate "2015.03.22"]
[EventType "swiss"]
[EventRounds "9"]
[EventCountry "ESP"]
[Source "lmi"]
[SourceDate "2015.03.22"]

1. b4 e5 2. Bb2 Bxb4 3. Bxe5 Nf6 4. Nf3 O-O 5. e3 d5 6. c4 c6 7. a3 Ba5 8. cxd5
cxd5 9. Be2 Nc6 10. Bb2 Bb6 11. d4 Bc7 12. Nc3 Bf5 13. Rc1 a6 14. O-O Ne7 15.
Ne5 Ng6 16. f4 h5 17. Bxh5 Nxh5 18. Qxh5 Nh4 19. g3 Bg6 20. Qxh4 Bxe5 21. Qxd8
Rfxd8 22. fxe5 b5 23. Na2 Be4 24. Rc7 Rf8 25. Nc3 Bd3 26. Rd1 Bc4 27. e4 dxe4
28. Nxe4 Rac8 29. Rxc8 Rxc8 30. Nd6 1-0

[Event "24. Torneo San Viator"]
[Site "Madrid ESP"]
[Date "2015.04.19"]
[Round "4.15"]
[White "Vega De Las Heras, Carlos"]
[Black "Camarero Izquierdo, Juan Carlo"]
[Result "0-1"]
[WhiteElo "1566"]
[BlackElo "1888"]
[PlyCount "52"]
[EventDate "2015.03.22"]
[EventType "swiss"]
[EventRounds "9"]
[EventCountry "ESP"]
[Source "lmi"]
[SourceDate "2015.03.22"]

1. d4 f5 2. g3 Nf6 3. Bg2 d5 4. Nf3 e6 5. O-O Ne4 6. a3 Nd7 7. Nbd2 Bd6 8. Nxe4
dxe4 9. Bg5 Be7 10. Bxe7 Qxe7 11. Nd2 Nf6 12. e3 h5 13. h4 Ng4 14. Re1 g5 15.
f3 exf3 16. Nxf3 gxh4 17. gxh4 Bd7 18. d5 O-O-O 19. e4 e5 20. Ng5 Qc5+ 21. Kh1
Nf2+ 22. Kh2 Nxd1 23. Rexd1 Qxc2 24. Rac1 Qxb2 25. Rb1 Qf2 26. Rf1 Qxh4+ 0-1

[Event "24. Torneo San Viator"]
[Site "Madrid ESP"]
[Date "2015.04.19"]
[Round "4.16"]
[White "Aranda Perez, Ivan"]
[Black "Uceda Martinez, Jacinto"]
[Result "0-1"]
[WhiteElo "1413"]
[BlackElo "1800"]
[PlyCount "42"]
[EventDate "2015.03.22"]
[EventType "swiss"]
[EventRounds "9"]
[EventCountry "ESP"]
[Source "lmi"]
[SourceDate "2015.03.22"]

1. e4 c5 2. Nf3 a6 3. d4 cxd4 4. Nxd4 Nf6 5. Nc3 e5 6. Nf3 Bb4 7. Bg5 Qc7 8.
Qd3 Bxc3+ 9. bxc3 Nxe4 10. Bd2 Nxd2 11. Nxd2 O-O 12. Be2 Nc6 13. O-O b5 14.
Rab1 d6 15. Ne4 Rd8 16. Bf3 d5 17. Ng5 e4 18. Nxe4 dxe4 19. Qxe4 Bb7 20. h4 Na5
21. Qe3 Nc4 0-1

[Event "24. Torneo San Viator"]
[Site "Madrid ESP"]
[Date "2015.04.19"]
[Round "4.17"]
[White "Barahona Torrijos, Angel"]
[Black "Torrecillas Adan, Luis"]
[Result "1-0"]
[WhiteElo "1782"]
[BlackElo "1245"]
[PlyCount "33"]
[EventDate "2015.03.22"]
[EventType "swiss"]
[EventRounds "9"]
[EventCountry "ESP"]
[Source "lmi"]
[SourceDate "2015.03.22"]

1. e4 e5 2. Nf3 Nc6 3. Nc3 Bc5 4. Nxe5 Bxf2+ 5. Kxf2 Nxe5 6. d4 Nc6 7. Be3 d6
8. Bc4 Nf6 9. Qf3 O-O 10. Rhf1 Re8 11. Kg1 h6 12. Nd5 Na5 13. Nxf6+ Qxf6 14.
Bxf7+ Kh7 15. Qh5 Qe7 16. Bxh6 gxh6 17. Qg6+ 1-0

[Event "24. Torneo San Viator"]
[Site "Madrid ESP"]
[Date "2015.04.19"]
[Round "4.18"]
[White "Sirera Andres, Dario"]
[Black "Gonzalez Berrendero, Carlos"]
[Result "0-1"]
[WhiteElo "1293"]
[BlackElo "1779"]
[PlyCount "44"]
[EventDate "2015.03.22"]
[EventType "swiss"]
[EventRounds "9"]
[EventCountry "ESP"]
[Source "lmi"]
[SourceDate "2015.03.22"]

1. e4 c5 2. Nc3 Nc6 3. f4 d6 4. Nf3 g6 5. Bc4 Bg7 6. O-O Nf6 7. Qe1 O-O 8. Qh4
a6 9. d3 b5 10. Bb3 e6 11. f5 exf5 12. Ng5 h6 13. Nf3 g5 14. Bxg5 hxg5 15. Nxg5
Ne7 16. Nd5 Nexd5 17. Bxd5 Ra7 18. Rf2 Re8 19. Raf1 Nxd5 20. Qh7+ Kf8 21. exf5
Qxg5 22. Qh3 Bd4 0-1